[Event "24th ch-EUR Indiv 2024"]
[Site "Petrovac MNE"]
[Date "2024.11.13"]
[Round "6.31"]
[White "Vocaturo, Daniele"]
[Black "Fromm, Marius"]
[Result "1-0"]
[WhiteTitle "GM"]
[BlackTitle "IM"]
[WhiteElo "2597"]
[BlackElo "2452"]
[WhiteFideId "813192"]
[BlackFideId "12993190"]
[EventDate "2024.11.08"]

1. c4 e5 2. Nc3 Nf6 3. Nf3 Nc6 4. g3 Bb4 5. Bg2 O-O 6. Nd5 e4 7. Nh4 Re8 8. O-O
d6 9. b3 Bc5 10. e3 Ne5 11. Bb2 Nxd5 12. cxd5 Bg4 13. f3 exf3 14. Nxf3 Qd7 15.
Qc2 Bb6 16. Ng5 f5 17. h3 Bh5 18. g4 Bg6 19. gxf5 Bh5 20. Rf2 Rf8 21. d4 Nf7 22.
Ne6 Rfe8 1-0

[Event "24th ch-EUR Indiv 2024"]
[Site "Petrovac MNE"]
[Date "2024.11.13"]
[Round "6.32"]
[White "Rozen, Eytan"]
[Black "Safarli, Eltaj"]
[Result "1/2-1/2"]
[WhiteTitle "IM"]
[BlackTitle "GM"]
[WhiteElo "2482"]
[BlackElo "2596"]
[WhiteFideId "2816750"]
[BlackFideId "13402129"]
[EventDate "2024.11.08"]

1. d4 Nf6 2. c4 e6 3. Nf3 d5 4. g3 Be7 5. Bg2 O-O 6. O-O dxc4 7. Qc2 a6 8. a4
Nc6 9. Qxc4 Na5 10. Qc2 Nc6 11. Qc4 Na5 12. Qc2 Nc6 1/2-1/2

[Event "24th ch-EUR Indiv 2024"]
[Site "Petrovac MNE"]
[Date "2024.11.13"]
[Round "6.33"]
[White "Akbas, Umut Ata"]
[Black "Lupulescu, Constantin"]
[Result "1/2-1/2"]
[WhiteTitle "IM"]
[BlackTitle "GM"]
[WhiteElo "2466"]
[BlackElo "2591"]
[WhiteFideId "44572646"]
[BlackFideId "1207822"]
[EventDate "2024.11.08"]

1. d4 d5 2. c4 e6 3. Nc3 Nf6 4. cxd5 exd5 5. Bg5 Be7 6. e3 h6 7. Bh4 Bg4 8. f3
Be6 9. Bd3 c5 10. Nge2 Nc6 11. O-O O-O 12. Bf2 Re8 1/2-1/2

[Event "24th ch-EUR Indiv 2024"]
[Site "Petrovac MNE"]
[Date "2024.11.13"]
[Round "6.34"]
[White "Petrov, Nikita"]
[Black "Godena, Michele"]
[Result "1/2-1/2"]
[WhiteTitle "GM"]
[BlackTitle "GM"]
[WhiteElo "2590"]
[BlackElo "2419"]
[WhiteFideId "4101286"]
[BlackFideId "800090"]
[EventDate "2024.11.08"]

1. e4 e5 2. Nf3 Nc6 3. Bb5 a6 4. Ba4 Nf6 5. O-O b5 6. Bb3 Bc5 7. a4 Bb7 8. d3
O-O 9. Nc3 b4 10. Nd5 Nxd5 11. Bxd5 d6 12. a5 Rb8 13. c3 bxc3 14. bxc3 Ne7 15.
Bc4 d5 16. exd5 Nxd5 17. Nxe5 Nxc3 18. Qh5 Bd5 19. Nc6 Bxc6 20. Qxc5 Ne2+ 21.
Kh1 Qd7 22. f3 Nxc1 23. Rfxc1 Bb5 24. Bxb5 Qxb5 25. Qxb5 Rxb5 26. Rxc7 Re8 27.
h3 h6 28. Rc6 Re6 29. Rxe6 fxe6 30. Kg1 Kf7 31. Kf2 Rb2+ 32. Kg3 Rb3 33. d4 Rb5
34. Kf4 Kf6 35. Ke4 Rd5 36. h4 Rb5 37. g4 Kf7 38. h5 Kf6 39. f4 Kf7 40. f5 Kf6
41. Rc1 exf5+ 42. gxf5 Rxa5 43. Rc6+ Ke7 44. Rc7+ Kf6 45. Rc6+ Ke7 46. Re6+ Kf7
47. d5 Ra1 48. d6 a5 49. Ke5 Re1+ 50. Kd5 Rd1+ 51. Kc6 a4 52. Re7+ Kf6 53. Ra7
Rc1+ 54. Kb6 Rc4 55. Kb5 Rd4 56. Kc5 Rd3 57. Kc6 a3 58. Kc7 Rc3+ 59. Kd8 Rd3 60.
d7 Rc3 61. Ra8 Kf7 62. Ra6 Rd3 63. Ra5 Rc3 64. Ra7 Kf8 65. Ra5 Kf7 66. Ra6 Rd3
67. Ra8 Rc3 68. Ra7 Kf8 69. Ra4 Kf7 70. Ra8 Kf8 71. Ra7 1/2-1/2

[Event "24th ch-EUR Indiv 2024"]
[Site "Petrovac MNE"]
[Date "2024.11.13"]
[Round "6.35"]
[White "Deuer, Marius"]
[Black "Jobava, Baadur"]
[Result "0-1"]
[WhiteTitle "IM"]
[BlackTitle "GM"]
[WhiteElo "2479"]
[BlackElo "2587"]
[WhiteFideId "16236432"]
[BlackFideId "13601520"]
[EventDate "2024.11.08"]

1. d4 d5 2. c4 dxc4 3. Nf3 Nf6 4. e3 Bg4 5. Bxc4 e6 6. Nc3 Nc6 7. h3 Bh5 8. O-O
Bd6 9. Re1 Nd7 10. Be2 O-O 11. b3 Nb6 12. Bb2 Nd5 13. Ne4 Bg6 14. Nxd6 cxd6 15.
Bd3 Bh5 16. Be2 f5 17. Nd2 Bxe2 18. Qxe2 Rf6 19. g3 Qd7 20. Rac1 Raf8 21. f4 Rh6
22. Kh2 Nce7 23. Ba3 b5 24. Qg2 a5 25. Re2 Rg6 26. Qf3 h6 27. e4 fxe4 28. Nxe4
Nf5 29. Qh5 Nxg3 30. Nxg3 Nxf4 31. Qf3 e5 32. Ne4 Nxe2 33. Qxe2 b4 34. Bb2 d5
35. Ng3 e4 36. Rf1 Qc7 37. Rxf8+ Kxf8 38. Qf1+ Kg8 39. Qf2 Rf6 0-1

[Event "24th ch-EUR Indiv 2024"]
[Site "Petrovac MNE"]
[Date "2024.11.13"]
[Round "6.36"]
[White "Kourkoulos-Arditis, Stamatis"]
[Black "Dotzer, Lukas"]
[Result "1-0"]
[WhiteTitle "GM"]
[BlackTitle "FM"]
[WhiteElo "2575"]
[BlackElo "2418"]
[WhiteFideId "4221990"]
[BlackFideId "1666975"]
[EventDate "2024.11.08"]

1. e4 c5 2. Nf3 d6 3. d4 cxd4 4. Nxd4 Nf6 5. Nc3 a6 6. Be3 e5 7. Nb3 Be6 8. f3
h5 9. Qd2 Nbd7 10. Nd5 Bxd5 11. exd5 g6 12. Be2 Bg7 13. O-O Qc7 14. c4 a5 15.
Rac1 O-O 16. c5 a4 17. cxd6 Qxd6 18. Nc5 Qxd5 19. Nxd7 Qxd7 20. Qxd7 Nxd7 21.
Rc7 Rfd8 22. Rd1 Nf6 23. Rxb7 Nd5 24. Bg5 f6 25. Bc4 fxg5 26. Rxd5 Kh8 27. Kf2
g4 28. fxg4 hxg4 29. Kg3 e4 30. Kf4 Rxd5 31. Bxd5 Rf8+ 32. Bf7 Bxb2 33. Kg5 a3
34. Kxg6 Rd8 35. Be6 Rg8+ 36. Bxg8 e3 37. Bc4 1-0

[Event "24th ch-EUR Indiv 2024"]
[Site "Petrovac MNE"]
[Date "2024.11.13"]
[Round "6.37"]
[White "Moroni, Luca Jr"]
[Black "Magold, Filip"]
[Result "1/2-1/2"]
[WhiteTitle "GM"]
[BlackTitle "FM"]
[WhiteElo "2571"]
[BlackElo "2405"]
[WhiteFideId "865834"]
[BlackFideId "1254456"]
[EventDate "2024.11.08"]

1. c4 c6 2. Nc3 d5 3. d4 Nf6 4. e3 a6 5. Nf3 e6 6. b3 Bb4 7. Bd2 Nbd7 8. Bd3 O-O
9. O-O Bd6 10. h3 h6 11. Qc2 e5 12. cxd5 cxd5 13. dxe5 Nxe5 14. Be2 Nc6 15. Rfd1
Be6 16. Bc1 Qd7 17. Bf1 Bf5 18. Qe2 Qe6 19. Bb2 Rad8 20. Rac1 Rfe8 21. Na4 Ne4
22. Nh4 Ne7 23. Bd4 Nc6 24. Ba1 Bh7 25. Bb2 Bf8 26. Nf3 Bf5 27. Nd4 Nxd4 28.
Bxd4 Qg6 29. g3 Ng5 30. h4 Ne6 31. Bg2 Bg4 32. f3 Nxd4 33. Rxd4 Be6 34. g4 Bd6
35. Qf2 Qf6 36. Rdd1 Bd7 37. Nc3 Bc6 38. Ne2 Qe5 39. Nd4 Qxe3 40. Qxe3 Rxe3 41.
Nxc6 bxc6 42. Rxc6 Bf4 43. Kf2 Re6 1/2-1/2

[Event "24th ch-EUR Indiv 2024"]
[Site "Petrovac MNE"]
[Date "2024.11.13"]
[Round "6.39"]
[White "Fus, Jakub"]
[Black "Socko, Bartosz"]
[Result "1/2-1/2"]
[WhiteTitle "IM"]
[BlackTitle "GM"]
[WhiteElo "2417"]
[BlackElo "2554"]
[WhiteFideId "1193023"]
[BlackFideId "1107038"]
[EventDate "2024.11.08"]

1. e4 e5 2. Nf3 Nc6 3. Bc4 Bc5 4. c3 Nf6 5. d3 d6 6. O-O a6 7. Bb3 Ba7 8. Nbd2
O-O 9. h3 Ne7 10. Re1 Ng6 11. Nf1 Be6 12. Ng3 h6 13. Bc2 c5 14. Be3 d5 15. d4
cxd4 16. cxd4 Nxe4 17. Nxe4 dxe4 18. Nxe5 Bd5 19. Nxg6 fxg6 20. Qg4 Qe8 21. Rad1
Rc8 22. Re2 g5 23. Bc1 Qf7 24. b3 Qf5 25. Qxf5 Rxf5 26. Bxe4 Bxe4 27. Rxe4 Rc2
28. Be3 Rxa2 29. Re7 Rf7 30. Rxf7 Kxf7 31. d5 Bxe3 32. fxe3 Ke7 33. e4 Re2 34.
d6+ Kd7 35. Rd4 a5 36. Kf1 Rc2 37. e5 Rc8 38. Rd5 Kc6 39. Rd3 Kd7 40. Rd5 Kc6
41. Rd4 Kd7 42. Rd5 1/2-1/2

[Event "24th ch-EUR Indiv 2024"]
[Site "Petrovac MNE"]
[Date "2024.11.13"]
[Round "6.40"]
[White "Parligras, Mircea-Emilian"]
[Black "Koelle, Tobias"]
[Result "1/2-1/2"]
[WhiteTitle "GM"]
[BlackTitle "IM"]
[WhiteElo "2550"]
[BlackElo "2414"]
[WhiteFideId "1204297"]
[BlackFideId "16207378"]
[EventDate "2024.11.08"]

1. d4 Nf6 2. c4 e6 3. Nc3 Bb4 4. e3 O-O 5. Bd3 c5 6. Ne2 d5 7. cxd5 cxd4 8. exd4
Nxd5 9. O-O Re8 10. a3 Bf8 11. Nxd5 exd5 12. Be3 Nd7 13. Qb3 Nb6 14. a4 Bd6 15.
a5 Nc4 16. Bxc4 dxc4 17. Qxc4 Qh4 18. Ng3 Be6 19. Qb5 Bxg3 20. hxg3 Qe4 21. Qe5
Qxe5 22. dxe5 a6 23. Bc5 Rac8 24. Rac1 Red8 25. b4 h5 26. Rfd1 Rxd1+ 27. Rxd1
Kh7 28. f3 Kg6 29. Rd4 Kf5 30. g4+ hxg4 31. Rxg4 Rg8 32. Re4 Bd5 33. g4+ Ke6 34.
Re3 g5 35. Kg2 Bc6 36. Kg3 Rd8 37. Bd6 Rh8 38. Re1 Kd7 39. Bc5 Ke6 40. Be3 Rg8
41. Rd1 Bd5 42. Rd2 Bc6 43. Rh2 Kxe5 44. Bxg5 Bxf3 45. Bf4+ Ke4 46. g5 f6 47.
Rh7 fxg5 48. Re7+ Kd5 49. Kxf3 gxf4 50. Rxb7 Kc4 51. Kxf4 Re8 52. Kf5 Kb3 53.
Rb6 Ka4 54. Rxa6 Kxb4 55. Re6 Rxe6 56. Kxe6 Kxa5 1/2-1/2

[Event "24th ch-EUR Indiv 2024"]
[Site "Petrovac MNE"]
[Date "2024.11.13"]
[Round "6.41"]
[White "Kuru, Atilla"]
[Black "Petkov, Momchil"]
[Result "1-0"]
[WhiteTitle "FM"]
[BlackTitle "GM"]
[WhiteElo "2371"]
[BlackElo "2549"]
[WhiteFideId "51607948"]
[BlackFideId "2921642"]
[EventDate "2024.11.08"]

1. e4 c5 2. Nc3 Nc6 3. Nf3 e5 4. Bb5 d6 5. d3 Nf6 6. h3 Be7 7. O-O O-O 8. Bxc6
bxc6 9. Nh2 Be6 10. b3 Nd7 11. f4 exf4 12. Bxf4 Bf6 13. Qe1 Ne5 14. Nf3 Ng6 15.
Be3 Be7 16. Qd2 h6 17. d4 Bf6 18. Rad1 Re8 19. dxc5 dxc5 20. Qxd8 Rexd8 21.
Rxd8+ Rxd8 22. Na4 Ne5 23. Nxe5 Bxe5 24. Nxc5 Bc8 25. Nd3 Bc7 26. Bxa7 Ba6 27.
Rc1 Ra8 28. Be3 Bxd3 29. cxd3 Rxa2 30. Rxc6 Bg3 31. Kf1 Rb2 32. Rc3 h5 33. d4 h4
34. d5 Kf8 35. Rd3 Ke7 36. Bd4 Rb1+ 37. Ke2 Re1+ 38. Kd2 Rxe4 39. Re3 Bf4 40.
Kd3 Rxe3+ 41. Bxe3 Be5 42. Bc5+ Kd7 43. Ke4 Bc7 44. Bd4 g6 45. Bf6 Bg3 46. b4
Bf2 47. b5 Kd6 48. Be5+ Kd7 49. Kf3 Bb6 50. Bf6 Kd6 51. Ke4 Bf2 52. Be5+ Kd7 53.
Bf4 Bb6 54. Bg5 Kd6 55. Bxh4 f5+ 56. Kf3 Kxd5 57. Bf2 Bd8 58. Kf4 Bf6 59. h4 Kd6
60. h5 gxh5 61. Kxf5 Bd8 62. Kg6 h4 63. Kh5 Kd5 64. Kg4 Kd6 65. Bxh4 Bb6 66. Kf3 1-0

[Event "24th ch-EUR Indiv 2024"]
[Site "Petrovac MNE"]
[Date "2024.11.13"]
[Round "6.42"]
[White "Nemsadze, Daviti"]
[Black "Gavrilescu, David"]
[Result "0-1"]
[WhiteTitle "FM"]
[BlackTitle "GM"]
[WhiteElo "2366"]
[BlackElo "2545"]
[WhiteFideId "13619250"]
[BlackFideId "1227190"]
[EventDate "2024.11.08"]

1. e4 c5 2. Nf3 d6 3. d4 cxd4 4. Nxd4 Nf6 5. Nc3 a6 6. h3 e5 7. Nb3 Be7 8. g4 h6
9. Be3 Nbd7 10. a4 Nf8 11. Qd2 Be6 12. O-O-O Ng6 13. Nd5 Nxe4 14. Qb4 Nf6 15.
Nxf6+ gxf6 16. Nc5 d5 17. Qxb7 O-O 18. Qc6 Bxc5 19. Bxc5 Qc8 20. Qxc8 Rfxc8 21.
Be3 Kg7 22. Bg2 Rd8 23. h4 Rac8 24. h5 Ne7 25. Bd2 Rd7 26. f4 Rdc7 27. c3 d4 28.
Rde1 exf4 29. Rhf1 Rc4 30. b3 Rb4 31. Rxf4 a5 32. Kc2 dxc3 33. Bc1 Bxb3+ 34. Kd3
Be6 35. Be3 Bc4+ 36. Kc2 Rb2+ 37. Kxc3 Rxg2 38. Rxc4 Nd5+ 39. Kd3 Nb4+ 40. Kd4 0-1

[Event "24th ch-EUR Indiv 2024"]
[Site "Petrovac MNE"]
[Date "2024.11.13"]
[Round "6.43"]
[White "Nasuta, Grzegorz"]
[Black "Pogorelskikh, Sofia"]
[Result "0-1"]
[WhiteTitle "GM"]
[BlackTitle "WIM"]
[WhiteElo "2543"]
[BlackElo "2252"]
[WhiteFideId "1141686"]
[BlackFideId "44164548"]
[EventDate "2024.11.08"]

1. e4 c5 2. Nf3 e6 3. c3 d5 4. e5 d4 5. d3 Bd7 6. g3 Bc6 7. Bg2 Ne7 8. O-O Nd7
9. Qe2 Ng6 10. Nbd2 Qc7 11. Re1 Be7 12. h4 h5 13. a4 Rd8 14. a5 b5 15. Kh2 a6
16. Bh1 Bb7 17. Bg2 Bc6 18. Bh3 Bb7 19. Ra2 Ba8 20. Bg2 Bb7 21. Kg1 Ba8 22. Ra1
Bb7 23. cxd4 cxd4 24. Nb3 Bd5 25. Nbxd4 Qb7 26. Bh3 Bc5 27. b3 Ngxe5 28. Nxe6
Bxf3 29. Nxc5 Bxe2 30. Nxb7 Nf3+ 31. Kh1 Nxe1 32. Bg5 Nc2 33. Nd6+ Kf8 34. Bxd8
Nxa1 35. Bxd7 Bf3+ 36. Kh2 Nxb3 37. Bc8 Rh6 38. Nf5 Rc6 39. Bb7 Rc2 40. Bxa6
Rxf2+ 41. Kg1 Rg2+ 42. Kf1 Nd2+ 43. Ke1 Re2+ 44. Kd1 Nb3 45. Bb6 Rb2+ 46. Ke1
Nc1 47. Bxb5 Rxb5 48. Nd4 Rxb6 49. axb6 Bd5 50. Kd2 Na2 51. Nc2 Bb7 52. d4 Ke7
53. Kd3 Ba6+ 54. Kd2 Kd6 55. Ne3 Kc6 56. Nf5 g6 57. Nh6 Bc4 58. g4 hxg4 59. Nxg4
Kxb6 60. Ke3 Be6 61. Ne5 Kc7 62. Kf4 Nc3 63. Kg5 Ne4+ 64. Kh6 Kd6 65. Nxg6 fxg6
66. Kxg6 Ke7 67. h5 Bf7+ 68. Kf5 Ng3+ 69. Ke5 Nxh5 70. d5 Bg6 71. d6+ Kd7 72.
Kd5 Nf6+ 73. Ke5 Ne8 74. Kd5 Bf7+ 75. Ke5 Be6 76. Kd4 Kxd6 77. Ke4 Nf6+ 78. Kd4
Bf7 79. Kd3 Ke5 80. Kc3 Ne4+ 81. Kc2 Kd4 82. Kb2 Nc5 83. Kc2 Bc4 84. Kb2 Bd3 85.
Kc1 Nb3+ 86. Kb2 Kc4 87. Ka3 Kc3 88. Ka2 Be4 89. Ka3 Nc1 90. Ka4 Bd3 91. Ka3 Bc4
92. Ka4 Nd3 93. Ka3 Nb4 94. Ka4 Nc2 95. Ka5 Kd4 96. Kb6 Kd5 97. Kc7 Bb5 98. Kb6
Bc6 99. Ka5 Kc5 100. Ka6 Ne3 101. Ka5 Nc4+ 102. Ka6 Kd6 103. Ka7 Bb5 104. Kb7
Kd7 105. Kb8 Nb6 106. Ka7 Nd5 107. Kb7 Bc4 108. Kb8 Ba6 109. Ka7 Bc8 110. Kb8
Kd8 111. Ka7 Kc7 112. Ka8 Nb4 113. Ka7 Nc6+ 0-1

[Event "24th ch-EUR Indiv 2024"]
[Site "Petrovac MNE"]
[Date "2024.11.13"]
[Round "6.44"]
[White "Van Foreest, Jorden"]
[Black "Peyrer, Konstantin"]
[Result "1-0"]
[WhiteTitle "GM"]
[BlackTitle "IM"]
[WhiteElo "2687"]
[BlackElo "2437"]
[WhiteFideId "1039784"]
[BlackFideId "1640879"]
[EventDate "2024.11.08"]

1. Nf3 Nf6 2. g3 d5 3. Bg2 e6 4. O-O Be7 5. d3 O-O 6. a4 Nc6 7. d4 Bd6 8. c4
dxc4 9. a5 e5 10. dxe5 Nxe5 11. Nxe5 Bxe5 12. Qc2 c6 13. Nd2 Be6 14. Nxc4 Bxc4
15. Qxc4 a6 16. Bf3 Qe7 17. Ra4 Rfd8 18. Qb3 Rd7 19. Kg2 Rad8 20. h4 h6 21. Qc2
Ne8 22. b3 Nd6 23. Bg4 Rc7 24. f4 Bf6 25. e4 1-0

[Event "24th ch-EUR Indiv 2024"]
[Site "Petrovac MNE"]
[Date "2024.11.13"]
[Round "6.45"]
[White "Bryakin, Mikhail"]
[Black "Navara, David"]
[Result "1/2-1/2"]
[WhiteTitle "GM"]
[BlackTitle "GM"]
[WhiteElo "2435"]
[BlackElo "2674"]
[WhiteFideId "4165314"]
[BlackFideId "309095"]
[EventDate "2024.11.08"]

1. d4 Nf6 2. c4 e6 3. Nf3 b6 4. g3 Ba6 5. b3 Bb4+ 6. Bd2 Be7 7. Bg2 d5 8. Ne5
Bb7 9. O-O O-O 10. Nc3 Nbd7 11. Bf4 c5 12. Rc1 cxd4 13. Qxd4 Bc5 14. Qd1 Rc8 15.
cxd5 Nxe5 16. Bxe5 Nxd5 17. Nxd5 Bxd5 18. Bxd5 Qxd5 19. Qxd5 exd5 20. Rfd1 Rfe8
21. Bd4 Bxd4 22. Rxc8 Rxc8 23. Rxd4 Rc2 24. Rxd5 g6 25. a4 Rxe2 26. Rd7 Rb2 27.
Rxa7 Rxb3 28. a5 bxa5 1/2-1/2

[Event "24th ch-EUR Indiv 2024"]
[Site "Petrovac MNE"]
[Date "2024.11.13"]
[Round "6.46"]
[White "Petrovskyi, Vadym"]
[Black "Saric, Ivan"]
[Result "0-1"]
[WhiteTitle "IM"]
[BlackTitle "GM"]
[WhiteElo "2433"]
[BlackElo "2668"]
[WhiteFideId "14165210"]
[BlackFideId "14508150"]
[EventDate "2024.11.08"]

1. d4 Nf6 2. c4 g6 3. Nc3 Bg7 4. Nf3 O-O 5. g3 b6 6. Bg2 Bb7 7. d5 Na6 8. O-O
Nc5 9. Qc2 e6 10. Rd1 a5 11. Nd4 e5 12. Ndb5 d6 13. e4 Bc8 14. a3 Ne8 15. Rb1 f5
16. b4 axb4 17. axb4 Nxe4 18. Nxe4 fxe4 19. Nc3 Nf6 20. Nxe4 Nxe4 21. Bxe4 Bf5
22. Bxf5 gxf5 23. c5 f4 24. Bb2 Qd7 25. Ra1 f3 26. Qc4 bxc5 27. bxc5 Rab8 28.
Bc3 Rb3 29. Rac1 Qh3 30. Qf1 Qh5 31. cxd6 cxd6 32. Qa6 Qh3 33. Qf1 Qxf1+ 34.
Kxf1 Rc8 35. Bd2 Rxc1 36. Bxc1 Rb1 37. Ke1 e4 38. Bf4 Bc3+ 39. Bd2 Bxd2+ 40.
Kxd2 Rxd1+ 41. Kxd1 Kf7 42. Kd2 Kf6 43. Ke3 Ke5 0-1

[Event "24th ch-EUR Indiv 2024"]
[Site "Petrovac MNE"]
[Date "2024.11.13"]
[Round "6.47"]
[White "Culum, Sanjin"]
[Black "Bjerre, Jonas Buhl"]
[Result "1-0"]
[WhiteTitle "FM"]
[BlackTitle "GM"]
[WhiteElo "2432"]
[BlackElo "2654"]
[WhiteFideId "14420937"]
[BlackFideId "1444948"]
[EventDate "2024.11.08"]

1. e4 c5 2. Nf3 d6 3. d4 cxd4 4. Nxd4 Nf6 5. Nc3 a6 6. g3 e5 7. Nde2 Be7 8. Bg2
O-O 9. O-O b5 10. Nd5 Nxd5 11. Qxd5 Ra7 12. Be3 Rb7 13. Qd2 Nd7 14. Nc3 Nf6 15.
Bg5 Be6 16. Bxf6 Bxf6 17. Nd5 Bg5 18. Qd3 Qc8 19. c3 Qc5 20. Rfd1 f5 21. Ne3 f4
22. gxf4 exf4 23. Nf5 Rd7 24. Nd4 Bc4 25. Qh3 Re7 26. b3 Bf7 27. Nf5 Re6 28. Rd5
Qc7 29. Rad1 Be7 30. e5 f3 31. Qxf3 Rxe5 32. Rxe5 dxe5 33. Rd7 Qxd7 34. Qg4 Qxf5
35. Qxf5 Rd8 36. Be4 g6 37. Qxe5 Bf8 38. Kg2 Re8 39. Qd4 Bg7 40. Qd3 Rc8 41. Bd5
Rxc3 42. Bxf7+ Kxf7 43. Qd7+ Kf8 44. Qd6+ Kf7 45. Qxa6 Rc2 46. Qb7+ Kf8 47. Qf3+
Kg8 48. Qd5+ Kf8 49. Qd8+ Kf7 50. Qd7+ Kf8 51. a3 1-0

[Event "24th ch-EUR Indiv 2024"]
[Site "Petrovac MNE"]
[Date "2024.11.13"]
[Round "6.48"]
[White "Ponomariov, Ruslan"]
[Black "Celik, Hasan Huseyin"]
[Result "1/2-1/2"]
[WhiteTitle "GM"]
[BlackTitle "IM"]
[WhiteElo "2653"]
[BlackElo "2431"]
[WhiteFideId "14103320"]
[BlackFideId "44506759"]
[EventDate "2024.11.08"]

1. Nf3 d5 2. g3 Nf6 3. Bg2 c5 4. O-O Nc6 5. d4 e6 6. c4 dxc4 7. dxc5 Qxd1 8.
Rxd1 Bxc5 9. Nbd2 c3 10. bxc3 O-O 11. Ne1 Be7 12. Nd3 Bd7 13. Nb3 b6 14. c4 Rfd8
15. c5 Be8 16. Be3 Nd5 1/2-1/2

[Event "24th ch-EUR Indiv 2024"]
[Site "Petrovac MNE"]
[Date "2024.11.13"]
[Round "6.49"]
[White "Suleymanli, Aydin"]
[Black "Kalogeris, Ioannis"]
[Result "1-0"]
[WhiteTitle "GM"]
[BlackTitle "IM"]
[WhiteElo "2632"]
[BlackElo "2431"]
[WhiteFideId "13413937"]
[BlackFideId "4239563"]
[EventDate "2024.11.08"]

1. e4 c5 2. Nf3 Nc6 3. Bb5 e6 4. Bxc6 bxc6 5. d3 Qc7 6. O-O e5 7. Nh4 d5 8. f4
Be7 9. Qe1 Qd8 10. Nf3 exf4 11. Bxf4 Nf6 12. Ne5 Qb6 13. c4 Be6 14. Nc3 dxc4 15.
dxc4 Rd8 16. Qe2 Rd4 17. b3 Bd6 18. Nd3 Bxf4 19. Nxf4 O-O 20. e5 Nd7 21. Qe3 Qa5
22. Ne4 Bf5 23. Nd6 Be6 24. Nxe6 fxe6 25. Qh3 1-0

[Event "24th ch-EUR Indiv 2024"]
[Site "Petrovac MNE"]
[Date "2024.11.13"]
[Round "6.50"]
[White "Durarbayli, Vasif"]
[Black "Aizenberg, Benny"]
[Result "1-0"]
[WhiteTitle "GM"]
[BlackTitle "IM"]
[WhiteElo "2626"]
[BlackElo "2427"]
[WhiteFideId "13402935"]
[BlackFideId "2821125"]
[EventDate "2024.11.08"]

1. e4 c5 2. Nf3 Nc6 3. Bb5 g6 4. O-O Bg7 5. c3 Nf6 6. Re1 O-O 7. d4 a6 8. Bxc6
dxc6 9. h3 cxd4 10. cxd4 c5 11. d5 b5 12. Qc2 Bb7 13. Nc3 e6 14. dxe6 fxe6 15.
Bf4 Nd7 16. Bg3 Rxf3 17. gxf3 Ne5 18. Re3 Qf6 19. f4 Nc4 20. Re2 g5 21. fxg5
Qxg5 22. Kh2 Ne5 23. Re3 Nc4 24. Rd3 Qg6 25. Rg1 Kh8 26. Rd7 Bc6 27. Rc7 Ne5 28.
Qe2 b4 29. Bh4 bxc3 30. Rxg6 Nxg6 31. Rxg7 Kxg7 32. Bg3 cxb2 33. Qxb2+ Kf7 34.
Qc2 Rg8 35. f3 Rd8 36. h4 Bb5 37. a4 Be8 38. h5 Nf8 39. Qxc5 Bxa4 40. Qa5 Rd4
41. Be5 Rc4 42. Qxa6 Rc2+ 43. Kg3 Be8 44. Qd3 Rc5 45. Qe3 Rxe5 46. Qf4+ Rf5 47.
exf5 exf5 48. Qxf5+ Ke7 49. Kh4 Bd7 50. Qe5+ Kf7 51. Kg5 Ne6+ 52. Kh6 Bc6 53.
Qf5+ Ke7 54. Qxh7+ Kf6 55. Qd3 Bb7 56. Qb3 Ba8 57. Qc3+ Kf7 58. f4 Be4 59. Qe5 1-0

[Event "24th ch-EUR Indiv 2024"]
[Site "Petrovac MNE"]
[Date "2024.11.13"]
[Round "6.51"]
[White "Travadon, Loic"]
[Black "Ivic, Velimir"]
[Result "0-1"]
[WhiteTitle "IM"]
[BlackTitle "GM"]
[WhiteElo "2419"]
[BlackElo "2622"]
[WhiteFideId "26092131"]
[BlackFideId "950122"]
[EventDate "2024.11.08"]

1. e4 c6 2. Nf3 d5 3. d3 g6 4. Nbd2 Bg7 5. d4 c5 6. Bb5+ Bd7 7. Bxd7+ Nxd7 8.
dxc5 Ngf6 9. e5 Ne4 10. Nxe4 dxe4 11. e6 fxe6 12. Ng5 Nxc5 13. Qxd8+ Rxd8 14.
Be3 Bxb2 15. Rd1 Rc8 16. Bxc5 Rxc5 17. Rd8+ Kxd8 18. Nxe6+ Kc8 19. Nxc5 Rd8 20.
Ke2 Rd5 21. Nb3 Bc3 22. Ke3 a5 23. Kxe4 e6 24. h4 a4 25. Nc1 Rd2 26. h5 Rxf2 27.
Kd3 Bf6 28. hxg6 hxg6 29. Ne2 Rxg2 30. Rb1 Rg5 31. Rb4 Rd5+ 32. Ke3 Ra5 33. Rb6
Re5+ 34. Kd3 Kc7 35. Rb4 Rd5+ 36. Ke4 Re5+ 37. Kd3 a3 38. c3 Be7 39. Rf4 Rd5+
40. Kc2 Rb5 41. Rg4 Rb2+ 42. Kd3 Rxa2 43. Rxg6 Ra1 0-1

[Event "24th ch-EUR Indiv 2024"]
[Site "Petrovac MNE"]
[Date "2024.11.13"]
[Round "6.52"]
[White "Pasztor, Balazs"]
[Black "Theodorou, Nikolas"]
[Result "1/2-1/2"]
[WhiteTitle "FM"]
[BlackTitle "GM"]
[WhiteElo "2419"]
[BlackElo "2612"]
[WhiteFideId "774723"]
[BlackFideId "4262875"]
[EventDate "2024.11.08"]

1. e4 c6 2. d4 d5 3. e5 c5 4. Nf3 cxd4 5. Nxd4 Nc6 6. Nxc6 bxc6 7. Bd3 e6 8. O-O
Ne7 9. Nd2 a5 10. Qe2 Ng6 11. g3 Be7 12. Nf3 O-O 13. h4 f5 14. exf6 Bxf6 15. h5
e5 16. hxg6 e4 17. Bxe4 dxe4 18. Qxe4 hxg6 19. Bf4 Qe8 20. Be5 g5 21. Rfe1 Qf7
22. Bxf6 Qxf6 23. Kg2 Ra7 24. Rh1 Bf5 25. Qd4 Rd7 26. Qxf6 gxf6 27. Rhd1 Rfd8
28. Rxd7 Rxd7 29. Re1 Bxc2 30. g4 Kf7 31. Re2 Bb1 32. a3 Ba2 33. Nd2 Rb7 34. Nf1
Bc4 35. Rc2 Bd3 36. Rd2 Rb3 37. Ng3 c5 38. f3 c4 39. Ne2 Bxe2 40. Rxe2 c3 41.
bxc3 Rxc3 42. Rb2 Rxa3 43. Rb6 a4 44. Ra6 Ra1 45. Kf2 a3 46. Kg3 Ra2 47. Kh3 Ke7
48. Kg3 Ra1 49. Kg2 Kf7 50. Kg3 Ke8 51. Kh2 Kd7 52. Kg2 Kc7 53. Rxf6 Rc1 54. Ra6
Rc3 55. f4 gxf4 56. g5 Rg3+ 57. Kf2 Kb7 58. Ra4 Kb6 59. g6 Kb5 60. Ra7 Kb4 61.
g7 Kb3 62. Rb7+ Kc3 63. Ra7 Kb2 64. Rb7+ Kc3 65. Ra7 Kb2 1/2-1/2

[Event "24th ch-EUR Indiv 2024"]
[Site "Petrovac MNE"]
[Date "2024.11.13"]
[Round "6.53"]
[White "Laurent-Paoli, Pierre"]
[Black "Yankelevich, Lev"]
[Result "1-0"]
[WhiteTitle "GM"]
[BlackTitle "GM"]
[WhiteElo "2583"]
[BlackElo "2417"]
[WhiteFideId "26017962"]
[BlackFideId "24684074"]
[EventDate "2024.11.08"]

1. d4 Nf6 2. c4 e6 3. Nf3 d5 4. Nc3 Bb4 5. Qa4+ Nc6 6. e3 O-O 7. Qc2 Na5 8. c5
b6 9. Bd2 bxc5 10. a3 cxd4 11. axb4 dxc3 12. Bxc3 Nc4 13. Ng5 Re8 14. Bxc4 dxc4
15. Rd1 Qe7 16. O-O e5 17. Rd5 e4 18. Re5 Be6 19. Nxe4 Nxe4 20. Qxe4 Rad8 21.
Rc5 Rd7 22. h3 Qd8 23. Qf4 f6 24. Qg3 a6 25. Ra1 Rd6 26. e4 Bf7 27. f3 Qd7 28.
Kh2 h6 29. Rca5 Ree6 30. e5 fxe5 31. Bxe5 Rg6 32. Bxd6 Rxg3 33. Bxg3 Qd2 34. Be5
Bd5 35. Bc3 Qf4+ 36. Kh1 Bb7 37. Re5 Qh4 38. Rf1 Kh7 39. Kg1 Bc8 40. Re4 Qg5 41.
Kh1 h5 42. Rfe1 Bxh3 43. gxh3 Qg3 44. R1e2 Qxh3+ 45. Kg1 Qxf3 46. Re7 h4 47.
Rxg7+ Kh6 48. Rgg2 Qf7 49. Re4 Kh5 50. Be1 h3 51. Rh4# 1-0